书目信息 |
| 题名: |
汽车车身结构与附件拆装
|
|
| 作者: | 姜奉荣 , 刘建峰 , 涂银涛 主编 | |
| 分册: | ||
| 出版信息: | 北京 北京理工大学出版社 2018.04 |
|
| 页数: | 169页 | |
| 开本: | 26cm | |
| 丛书名: | ||
| 单 册: | ||
| 中图分类: | U463.820.3 , U463.8 | |
| 科图分类: | ||
| 主题词: | 汽车--车体结构--职业教育--教材 , 汽车--车体--附件--装配(机械)--职业教育--教材 | |
| 电子资源: | ||
| ISBN: | 978-7-5682-5546-2 | |
| 000 | 01235nam0 2200277 450 | |
| 001 | 1087 | |
| 005 | 20180927113006.84 | |
| 010 | @a978-7-5682-5546-2@dCNY38.00 | |
| 100 | @a20180913d2018 em y0chiy50 ea | |
| 101 | 0 | @achi |
| 102 | @aCN@b110000 | |
| 105 | @aa z 000yy | |
| 200 | 1 | @a汽车车身结构与附件拆装@9qi che che shen jie gou yu fu jian chai zhuang@f姜奉荣,刘建峰,涂银涛主编 |
| 210 | @a北京@c北京理工大学出版社@d2018.04 | |
| 215 | @a169页@c图@d26cm | |
| 300 | @a汽车类(图解版)职业教育精品规划教材 | |
| 330 | @a本书根据汽车类专业教学标准及从事汽车职业的在岗人员对基础知识、基本技能和基本素质的需求,结合汽车专业人才培养的目的,重点介绍汽车车身附件拆装工具的使用,汽车的车身结构,汽车仪表台和控制台的拆装,汽车座椅和安全带、雨刮器的拆装,汽车车门附件的拆装,汽车表面装饰件的拆装,汽车发动机舱盖及行李箱盖的拆装等内容。全书讲解清晰、简练,配有大量的图片,明了直观。 | |
| 606 | 0 | @a汽车@x车体结构@x职业教育@j教材 |
| 606 | 0 | @a汽车@x车体@x附件@x装配(机械)@x职业教育@j教材 |
| 690 | @aU463.820.3@v5 | |
| 690 | @aU463.8@v4 | |
| 701 | 0 | @a姜奉荣@9jiang feng rong@4主编 |
| 701 | 0 | @a刘建峰@9liu jian feng@4主编 |
| 701 | 0 | @a涂银涛@9tu yin tao@4主编 |
| 801 | 0 | @aCN@b91MARC@c20180913 |
| 905 | @aMuseLib@dU463.8@e718 | |
| 汽车车身结构与附件拆装/姜奉荣,刘建峰,涂银涛主编.-北京:北京理工大学出版社,2018.04 |
| 169页:图;26cm |
| 汽车类(图解版)职业教育精品规划教材 |
| ISBN 978-7-5682-5546-2:CNY38.00 |
| 本书根据汽车类专业教学标准及从事汽车职业的在岗人员对基础知识、基本技能和基本素质的需求,结合汽车专业人才培养的目的,重点介绍汽车车身附件拆装工具的使用,汽车的车身结构,汽车仪表台和控制台的拆装,汽车座椅和安全带、雨刮器的拆装,汽车车门附件的拆装,汽车表面装饰件的拆装,汽车发动机舱盖及行李箱盖的拆装等内容。全书讲解清晰、简练,配有大量的图片,明了直观。 |
| ● |
| 相关链接 |
|
|
|
|
正题名:汽车车身结构与附件拆装
索取号:U463.8/718
 
预约/预借
| 序号 | 登录号 | 条形码 | 馆藏地/架位号 | 状态 | 备注 |
| 1 | 1121109 | 211211099 | 第二样本阅览室/ [索取号:U463.8/718] | 在馆 | |
| 2 | 1121110 | 211211106 | 密集书库-物理学院/ [索取号:U463.8/718] | 在馆 | |
| 3 | 1121111 | 211211115 | 第三借阅区/ [索取号:U463.8/718] | 在馆 | |
| 4 | 1121112 | 211211124 | 第三借阅区/ [索取号:U463.8/718] | 在馆 | |
| 5 | 1121113 | 211211133 | 第三借阅区/ [索取号:U463.8/718] | 在馆 |